Confederate States in Order of Secession - Statistics

General Stats
  • This quiz has been taken 32 times
  • The average score is 9 of 11
Answer Stats
Date Answer % Correct
December 20, 1860 South Carolina
100%
January 10, 1861 Florida
90%
January 11, 1861 Alabama
85%
January 19, 1861 Georgia
85%
January 9, 1861 Mississippi
85%
February 1, 1861 Texas
80%
May 6, 1861 Arkansas
75%
April 17, 1861 Virginia
75%
May 7, 1861 North Carolina
70%
May 20, 1861 Tennessee
70%
January 26, 1861 Louisiana
65%
No matching quizzes found
Score Distribution
Percent of People with Each Score
Percentile by Number Answered
Your Score History
You have not taken this quiz